Consultas médicas (Record no. 81233)

MARC details
000 -LEADER
campo de control de longitud fija 00701nam a2200193 i 4500
001 - NÚMERO DE CONTROL
campo de control 81233
003 - IDENTIFICADOR DE NÚMERO DE CONTROL
campo de control ES-MaACL
005 - FECHA Y HORA DE LA ÚLTIMA TRANSACCIÓN
campo de control 20230906174409.0
007 - CAMPO FIJO DE DESCRIPCIÓN FÍSICA--INFORMACIÓN GENERAL
campo de control de longitud fija t|
008 - DATOS DE LONGITUD FIJA--INFORMACIÓN GENERAL
campo de control de longitud fija 041103m19021904sp ||||1| spa d
100 1# - ENTRADA PRINCIPAL--NOMBRE DE PERSONA
Nombre de persona Huchard, Henri.
9 (RLIN) 64511
245 10 - MENCIÓN DEL TÍTULO
Título Consultas médicas
Resto del título : clínica y terapeútica /
Mención de responsabilidad, etc. por H. Huchard ; traducida por Rafael Martínez Seguí, Arturo Cubells Blasco ; prólogo Abdón Sánchez Herrero.
260 ## - PUBLICACIÓN, DISTRIBUCIÓN, ETC.
Lugar de publicación, distribución, etc. Valencia :
Nombre del editor, distribuidor, etc. Pubul y Morales,
Fecha de publicación, distribución, etc. 1902-1904 (
Fabricante Tip. Moderna)
300 ## - DESCRIPCIÓN FÍSICA
Extensión 2 v. ;
Dimensiones 22 cm.
700 1# - ENTRADA AGREGADA--NOMBRE PERSONAL
Nombre de persona Martínez Seguí, Rafael.
9 (RLIN) 78423
700 1# - ENTRADA AGREGADA--NOMBRE PERSONAL
Nombre de persona Cubells Blasco, Arturo.
9 (RLIN) 41926
700 1# - ENTRADA AGREGADA--NOMBRE PERSONAL
Nombre de persona Sánchez Herrero, Abdón.
9 (RLIN) 102697
852 ## - LOCALIZACIÓN
Ubicación ES-MaACL
Número de control de estantería F-13339-40
Holdings
Estatus retirado Estado de pérdida Estado de daño No para préstamo Biblioteca de origen Biblioteca actual Ubicación en estantería Fecha de adquisición Fuente de adquisición Total de préstamos Signatura topográfica completa Código de barras Visto por última vez Precio de reemplazo Tipo de ítem Koha
        Biblioteca del Ateneo de Madrid Biblioteca del Ateneo de Madrid Sala Pecera Planta 2 17/01/2008     F-13339-40 1084921 23/02/2023 23/02/2023 Libro impreso